000 00928nam a2200289 a 4500
001 59005
003 BD-RjUL
005 20211209080701.0
008 161220s1999 maua b 001 0 eng d
020 _a025615211X
020 _a0071167552 (International ed.)
035 _a(BD-RjUL)59129
040 _aDLC
_cDLC
_dDLC
_beng
041 _aeng
082 0 0 _a332.120685
_bROC 1999
100 1 0 _aRose, Peter S.
_9174488
245 1 0 _aCommercial bank management /
_cPeter Rose.
250 _a4th ed.
260 _aBoston, Mass. ;
_aLondon :
_bIrwin/McGraw-Hill,
_cc1999.
300 _axxviii, 808 p. :
_bill. ;
_c24 cm.
504 _aIncludes bibliographical references and index.
650 0 _aBank management.
_9173597
650 0 _aFinancial services industry
_xManagement.
_9175482
830 0 _aIrwin/McGraw-Hill series in finance, insurance, and real estate.
_9175486
942 _2ddc
_cBK
999 _c59005
_d59005